[Event "Heraklio op 13th"]
[Site "Heraklion"]
[Date "2009.06.13"]
[Round "1"]
[White "Nikolaidis, Paris"]
[Black "Hrisanthopoulos, Dimitrios"]
[Result "0-1"]
[WhiteElo "1810"]
[BlackElo "2143"]
[PlyCount "72"]
[EventDate "2009.06.13"]
[EventType "swiss"]
[EventRounds "9"]
[EventCountry "GRE"]
[SourceTitle "EXT 2011"]
[Source "ChessBase"]
[SourceDate "2010.11.26"]
[SourceVersion "1"]
[SourceVersionDate "2010.11.26"]
[SourceQuality "1"]
[WhiteTeam "Greece"]
[BlackTeam "Turkey"]
[WhiteTeamCountry "GRE"]
[BlackTeamCountry "TUR"]

1. e4 c5 2. g3 d5 3. Nc3 d4 4. Nce2 Nc6 5. Bg2 Nf6 6. d3 e5 7. f4 Bd6 8. Nf3 Bd7 9. 0-0 Qe7 10. fxe5 Nxe5 11. Nxe5 Bxe5 12. Nf4 0-0 13. Qe1 b5 14. c3 Qd6 15. Nd5 Nxd5 16. exd5 Rae8 17. Qd2 f5 18. Qc2 Rf6 19. Bf4 Bxf4 20. Rxf4 g5 21. Rf2 Re3 22. Raf1 f4 23. gxf4 Rxf4 24. Rxf4 gxf4 25. cxd4 cxd4 26. Qd1 Qe5 27. Kh1 Bf5 28. Rg1 Kf8 29. Qb3 Bxd3 30. Qb4+ Kf7 31. Qc5 Be4 32. Qxa7+ Kf6 33. Qb6+ Kf5 34. Rd1 Bxg2+ 35. Kxg2 Qxd5+ 36. Kg1 Re2 0-1